UBT Library

In the age of mankind : (Record no. 39466)

000 -LEADER
fixed length control field 00566pam a2200205 a 4500
001 - CONTROL NUMBER
control field 3384920
005 - DATE AND TIME OF LATEST TRANSACTION
control field 20171227043459.0
008 - FIXED-LENGTH DATA ELEMENTS--GENERAL INFORMATION
fixed length control field 880627s1988 dcua f001 0 eng
010 ## - LIBRARY OF CONGRESS CONTROL NUMBER
LC control number 88042686
020 ## - INTERNATIONAL STANDARD BOOK NUMBER
International Standard Book Number 0895990229 (alk. paper) :
Terms of availability $35.00 (retail)
040 ## - CATALOGING SOURCE
Original cataloging agency DLC
Transcribing agency DLC
Modifying agency DLC
041 ## - LANGUAGE CODE
Language code of text/sound track or separate title eng
080 ## - UNIVERSAL DECIMAL CLASSIFICATION NUMBER
Universal Decimal Classification number 573.2 LEW
082 00 - DEWEY DECIMAL CLASSIFICATION NUMBER
Classification number 573.2 LEW
Edition number 19
100 1# - Rafti
Rafti 11
101 ## - Shkurtesa
Shkurtesa BIO
245 10 - TITLE STATEMENT
Title In the age of mankind :
Statement of responsibility, etc Roger Lewin.
906 ## - LOCAL DATA ELEMENT F, LDF (RLIN)
a 7
b cbc
c orignew
d 1
e ocip
f 19
g y-gencatlg
942 ## - ADDED ENTRY ELEMENTS (KOHA)
Source of classification or shelving scheme
Item type Books

No items available.

UBT Library © 2015-2024. All rights reserved University Education for Business and Technology